Statistics for Percy Jackson Books

Click here to take the quiz!

General Stats

  • This quiz has been taken 34 times
  • The average score is 4 of 5

Answer Stats

NumberAnswer% Correct
#1The Lightning Thief
100%
#2The Sea of Monsters
100%
#3The Titan's Curse
86%
#5The Last Olympian
79%
#4The Battle of the Labyrinth
71%

Score Distribution

Percentile by Number Answered

Percent of People with Each Score

Your Score History

You have not taken this quiz